Los niños perdidos en la selva. Don Maguín el de las magias. Nieve en mayo
Sparad:
| Huvudupphovsman: | |
|---|---|
| Materialtyp: | Bok |
| Språk: | Undetermined |
| Publicerad: |
Madrid, España
Aguilar
1945
|
| Ämnen: | |
| Taggar: |
Lägg till en tagg
Inga taggar, Lägg till första taggen!
|
MARC
| LEADER | 00000nam a2200000Ia 4500 | ||
|---|---|---|---|
| 008 | 170316s9999 xx 000 0 und d | ||
| 040 | |a cru BVZT | ||
| 090 | |a 862 B-9n | ||
| 100 | |a Benavente, Jacinto | ||
| 245 | |a Los niños perdidos en la selva. Don Maguín el de las magias. Nieve en mayo | ||
| 260 | |a Madrid, España | ||
| 260 | |b Aguilar | ||
| 260 | |c 1945 | ||
| 300 | |a 301 páginas | ||
| 650 | |a LITERATURA ESPAÑOLA | ||
| 650 | |a NOVELA ESCÉNICA | ||
| 650 | |a COMEDIA ESCÉNICA | ||
| 650 | |a POEMA ESCÉNICO | ||
| 999 | |c 9604 |d 9604 | ||
| 942 | |c 15 D |h 862 B-9n |2 z | ||
